Normal view
MARC view
Entry Personal Name
001 - CONTROL NUMBER
- control field: 1237118
003 - CONTROL NUMBER IDENTIFIER
- control field: OSt
005 - DATE AND TIME OF LATEST TRANSACTION
- control field: 20260430150319.0
008 - FIXED-LENGTH DATA ELEMENTS
- fixed length control field: 260430|| aca||aabn | a|a d
040 ## - CATALOGING SOURCE
- Original cataloging agency: OSt
- Transcribing agency: OSt
100 ## - HEADING--PERSONAL NAME
- Personal name: Ali Mahboob Au.; Murugavel Sevi Gu
670 ## - SOURCE DATA FOUND
- Source citation: Work cat.: (OSt)1849485: Ali Mahboob Au.; Murugavel Sevi Gu., Investigations on Electronic Structure and Charge Transport Mechanism in Size Controlled Lithium Iron Phosphate and its Solid Solutions for Lithium-Ion Batteries, 2023
